[Event "Julian Mazur Memorial"]
[Site "Wellington Chess Club"]
[Date "2021.08.12"]
[Round "4.16"]
[White "Tanoi, Edward"]
[Black "Herrera Lopez, Jaime"]
[Result "1-0"]
[WhiteElo "2078"]
[BlackElo "1616"]

1. d4 d5 2. c4 c6 3. Nc3 Bf5 4. cxd5 cxd5 5. Bf4 Nf6 6. e3 a6 7. Rc1 e6 8. f3
Bb4 9. g4 Bg6 10. h4 h5 11. g5 Nh7 12. Bd3 Bf5 13. Bxf5 exf5 14. Qd3 Qd7 15.
Rh2 Nc6 16. a3 Bxc3+ 17. Rxc3 O-O 18. Rhc2 Rfe8 19. Kf2 Nf8 20. Ne2 Ng6 21. Kg3
Nxf4 22. Nxf4 g6 23. Rc5 Ne7 24. Rc7 Qd6 25. Rxb7 f6 26. Qb3 fxg5 27. hxg5 h4+
28. Kxh4 Rab8 29. Rcc7 Rxb7 30. Rxb7 Rd8 31. Rb6 Nc6 32. Rxa6 Qc7 33. Qb6 Qh7+
34. Kg3 Qe7 35. Qxc6 Qxg5+ 36. Kf2 Qh4+ 37. Ke2 Qh2+ 38. Kd3 Qxb2 39. Qxg6+ Kf8
1-0

[Event "Julian Mazur Memorial"]
[Site "Wellington Chess Club"]
[Date "2021.08.12"]
[Round "4.17"]
[White "Stracy, Don"]
[Black "Zaslow, Henry"]
[Result "0-1"]
[WhiteElo "1670"]
[BlackElo "1926"]

1. e4 e5 2. Nf3 Nf6 3. d4 Nxe4 4. Nxe5 Nc6 5. Nxc6 dxc6 6. Bd3 Nf6 7. O-O Qxd4
8. Nc3 Bd6 9. Re1+ Be6 10. Be3 Qh4 11. g3 Qb4 12. Rb1 O-O 13. a3 Qa5 14. Ne4
Nxe4 15. Bxe4 Rad8 16. Qe2 Bd5 17. Bd2 Qb6 18. Bc3 f5 19. Bxd5+ cxd5 20. Rbd1
f4 21. Qg4 Rf7 22. Bd4 Bc5 23. Bxc5 Qxc5 24. Rd2 Rdf8 25. gxf4 c6 26. Qe6 Qc4
27. f5 Qg4+ 28. Kh1 Kh8 29. Rg1 Qxf5 30. Qxf5 Rxf5 31. Rg2 Re5 32. Rg3 g6 33.
Kg2 Kg7 34. a4 Rf4 35. b3 Kf6 36. f3 Rg5 37. Rxg5 Kxg5 38. Kg3 Rf7 39. Re2 Kf6
40. h4 Re7 41. Rxe7 Kxe7 42. f4 h5 43. f5 gxf5 44. Kf4 Kf6 45. c3 0-1

[Event "Julian Mazur Memorial"]
[Site "Wellington Chess Club"]
[Date "2021.08.12"]
[Round "4.18"]
[White "Aldridge, Alan"]
[Black "Lynch, Oscar"]
[Result "1-0"]
[WhiteElo "1796"]
[BlackElo "1559"]

1. e4 d5 2. exd5 Nf6 3. Nc3 Nxd5 4. d4 Nxc3 5. bxc3 c5 6. Bc4 e6 7. Nf3 Be7 8.
O-O Bd7 9. Bf4 b5 10. Bd3 c4 11. Be4 Bc6 12. Re1 Bxe4 13. Rxe4 O-O 14. a4 Qa5
15. axb5 Qxc3 16. Bd2 Qb2 17. Rb1 Qa3 18. d5 Rc8 19. dxe6 f6 20. Nd4 a6 21. Qh5
g6 22. Qd5 axb5 23. Rxb5 Rc5 24. Rxc5 Qxc5 25. Qxa8 Qc7 26. Bf4 Qc8 27. Qxb8
Qxb8 28. Bxb8 f5 29. Re2 Kf8 30. Nb5 Bf6 31. Bd6+ Be7 32. Bxe7+ Kxe7 33. Nc7 h5
34. Nd5+ Kd6 35. e7 Kxd5 36. e8=Q Kc5 37. c3 Kb6 38. Re5 Ka7 39. Qb5 Ka8 40.
Re7 f4 41. Qb7# 1-0

[Event "Julian Mazur Memorial"]
[Site "Wellington Chess Club"]
[Date "2021.08.12"]
[Round "4.19"]
[White "Darr, Samuel"]
[Black "Brockway, Andrew"]
[Result "0-1"]
[WhiteElo "1606"]
[BlackElo "1790"]

1. e4 c5 2. Nf3 g6 3. d4 cxd4 4. Nxd4 Nc6 5. Nc3 Bg7 6. Be3 Nf6 7. Nxc6 bxc6 8.
Bd3 O-O 9. O-O d6 10. h3 Qa5 11. Qf3 Nd7 12. Bd2 Ne5 13. Qe2 Qc7 14. f4 Nxd3
15. cxd3 f5 16. Rac1 Qb6+ 17. Be3 Bd4 18. Rfe1 e5 19. fxe5 dxe5 20. Na4 Bxe3+
21. Qxe3 Qxe3+ 22. Rxe3 f4 23. Rf3 Rf6 24. Kf1 Ba6 25. Nc5 Bc8 26. Ke2 Rb8 27.
Rc2 Rd6 28. Rf1 g5 29. Kf3 Rg6 30. g4 fxg3 31. Kxg3 Rh6 32. Rh1 Rf6 33. h4
gxh4+ 34. Rxh4 Rg6+ 35. Kh2 Bg4 36. Rg2 h5 37. Nd7 Re8 38. Nf6+ Rxf6 39. Rxh5
Rg6 40. Rh4 Rb8 41. Rhxg4 Rxg4 42. Rxg4+ Kf7 43. b3 Rd8 44. Rg3 Ke7 45. Kg1 Kd6
46. Kf2 Kc5 47. Ke3 Kb4 48. Rg1 Rh8 49. Rc1 Rh3+ 50. Kd2 Rh2+ 51. Kd1 Rh1+ 52.
Kc2 Rxc1+ 53. Kxc1 Kc3 54. Kb1 Kxd3 55. Kb2 Kxe4 56. Kc3 Ke3 57. Kc4 e4 58. Kc5
Kd3 59. Kxc6 e3 60. Kb7 e2 61. Kxa7 e1=Q 62. a4 Qa5+ 63. Kb7 Kc3 { (White
resigned) } 0-1

[Event "Julian Mazur Memorial"]
[Site "Wellington Chess Club"]
[Date "2021.08.12"]
[Round "4.20"]
[White "Rossiter, Philip"]
[Black "Moreno, Cristian"]
[Result "1-0"]
[WhiteElo "1781"]
[BlackElo "1531"]

1. Nf3 Nc6 2. c4 e6 3. g3 b6 4. Bg2 Bb7 5. O-O g6 6. d4 Bg7 7. Nc3 d6 8. Bg5 f6
9. Be3 Nge7 10. a3 Nf5 11. Bc1 Na5 12. b3 g5 13. e4 g4 14. Ne1 Nxd4 15. Qxg4
Qe7 16. Be3 h5 17. Qd1 Ndxb3 18. Rb1 Nc5 19. Nd3 Nxc4 20. Bxc5 dxc5 21. Qa4+
Qd7 22. Qxc4 a5 23. Nf4 Kf7 24. Rfd1 Qe7 25. Bh3 Bc8 26. Nb5 h4 27. Bxe6+ Ke8
28. Bxc8 Rxc8 29. Ng6 Qf7 30. Qxf7+ Kxf7 31. Nxh8+ Bxh8 32. Rd7+ Kg6 33. Rbd1
hxg3 34. hxg3 f5 35. exf5+ Kxf5 36. Rxc7 Rxc7 37. Nxc7 c4 38. Kg2 Ke4 39. Nb5
c3 40. Nxc3+ Bxc3 41. f4 b5 42. Rd8 Bb2 43. Rb8 Bxa3 44. Rxb5 Bb4 45. f5 Bc3
46. f6 Bxf6 47. Rxa5 Ke3 48. Kh3 Ke4 49. Kg4 Be5 50. Kh4 Kf5 51. Kh5 Kf6 52. g4
Bc3 53. g5+ Kg7 54. Ra7+ Kg8 55. Kg6 Bg7 1-0

[Event "Julian Mazur Memorial"]
[Site "Wellington Chess Club"]
[Date "2021.08.12"]
[Round "4.21"]
[White "Malcolm, Aidan"]
[Black "Dunlop, Rafe"]
[Result "0-1"]
[WhiteElo "1752"]
[BlackElo "1355"]

1. e4 d5 2. d4 dxe4 3. Nc3 Nf6 4. f3 exf3 5. Qxf3 Qxd4 6. Be3 Qg4 7. O-O-O Qxf3
8. Nxf3 Nc6 9. Nb5 Bd7 10. Nxc7+ Kd8 11. Nxa8 Ne4 12. Bb5 Kc8 13. Bxa7 Nxa7 14.
Rxd7 Nxb5 15. Nb6+ Kb8 16. Rd8+ Kc7 17. Rhd1 Kxb6 18. Ne5 Nbd6 19. Nd7+ Kc7 20.
Rxf8 Rxf8 21. Nxf8 Nf6 22. Rd3 Kd8 23. Ra3 Nc8 24. Ra8 Kc7 25. h4 h5 26. Ra3
Kd8 27. Rg3 Ke8 28. Ne6 fxe6 29. Rxg7 Nd6 30. Rg3 Kd7 31. Rd3 Kc6 32. b3 Nd5
33. a4 Nf4 34. g3 Nxd3+ 35. cxd3 Kc5 36. Kc2 Kb4 37. Kd2 Kxb3 38. Ke3 Nf5+ 39.
Kf4 Kxa4 40. Ke5 Ng7 41. Kf4 b5 42. Kg5 b4 43. Kg6 Nf5 44. Kxh5 Nxg3+ 45. Kg6
b3 46. h5 Nxh5 0-1

[Event "Julian Mazur Memorial"]
[Site "Wellington Chess Club"]
[Date "2021.08.12"]
[Round "4.23"]
[White "Ashe, Michael"]
[Black "Mangera, Muhammad"]
[Result "1-0"]
[WhiteElo "1686"]
[BlackElo "1218"]

1. d4 d5 2. c4 e6 3. Nc3 Nf6 4. cxd5 exd5 5. Bg5 Be7 6. e3 O-O 7. Bd3 Nc6 8. a3
Ne4 9. Bxe7 Qxe7 10. Nxd5 Qh4 11. Qc2 Nd6 12. Nf3 Qd8 13. Bxh7+ Kh8 14. Bd3 Kg8
15. O-O Bg4 16. Nd2 Qg5 17. Nf4 Nxd4 18. Qxc7 N4b5 19. Bxb5 Nxb5 20. Qc1 Rac8
21. Qe1 Nd4 22. exd4 Rfe8 23. Qb1 Qxf4 24. Nb3 Qg5 25. Re1 Bf3 26. g3 Qg4 27.
Rxe8+ Rxe8 28. Qf1 f5 29. h3 Qg5 30. Re1 Rxe1 31. Qxe1 f4 32. Qe5 Qxe5 33. dxe5
fxg3 34. fxg3 Kf7 35. Kf2 Bc6 36. Nd4 Bd7 37. h4 Ke7 38. Ke3 Kf7 39. Kf4 Ke7
40. g4 Kf7 41. h5 g6 42. e6+ Bxe6 43. Nxe6 Kxe6 44. h6 Kf7 45. g5 b5 46. b4 a6
47. Ke5 Kg8 48. Kd6 Kh7 49. Kc6 Kh8 50. Kb6 Kh7 51. Kxa6 Kh8 52. Kxb5 Kh7 53.
a4 Kg8 54. a5 Kf8 55. a6 Kg8 56. a7 Kf7 57. a8=Q Ke6 58. Qe4+ Kd6 59. Kc4 Kc7
60. Qxg6 Kd7 61. Kd5 Ke7 62. Qg7+ Kd8 63. Kd6 Kc8 64. Qc7# 1-0

[Event "Julian Mazur Memorial"]
[Site "Wellington Chess Club"]
[Date "2021.08.12"]
[Round "4.24"]
[White "Osborne, Geoff"]
[Black "Scott, Callum"]
[Result "0-1"]
[WhiteElo "1477"]
[BlackElo "1679"]

1. c4 e5 2. g3 Nc6 3. Bg2 f5 4. Nc3 Nf6 5. d3 Bb4 6. Bd2 O-O 7. a3 Bxc3 8. Bxc3
d5 9. cxd5 Ne7 10. b4 e4 11. Bxf6 Rxf6 12. dxe4 fxe4 13. Bxe4 Rd6 14. Qb3 c6
15. dxc6+ Be6 16. Qc2 bxc6 17. Bxh7+ Kh8 18. Nf3 g6 19. Bxg6 Nxg6 20. Qxg6 Qf8
21. Qh5+ Kg8 22. O-O Bf5 23. Qg5+ Rg6 24. Qd2 Be4 25. Rac1 Rd8 26. Qe3 Bd5 27.
Rc3 Rd7 28. Rfc1 Re7 29. Qd2 Qg7 30. Nd4 Qh7 31. h4 Qxh4 0-1

[Event "Julian Mazur Memorial"]
[Site "Wellington Chess Club"]
[Date "2021.08.12"]
[Round "4.26"]
[White "Hupert, Leo"]
[Black "Carlyle, Mathieson"]
[Result "0-1"]
[WhiteElo "1141"]
[BlackElo "1633"]

1. e4 c6 2. Nc3 d5 3. e5 d4 4. Ne4 Bf5 5. Qf3 e6 6. Bc4 Nd7 7. d3 Nxe5 8. Qe2
Nxc4 9. dxc4 h6 10. a3 Nf6 11. Ng3 Bg6 12. Nf3 c5 13. Ne5 Bh7 14. O-O Bd6 15.
f4 O-O 16. Nh5 Nxh5 17. Qxh5 Bxe5 18. fxe5 Bg6 19. Qf3 Rb8 20. Bd2 b5 21. Qb3
bxc4 22. Qxc4 Qc8 23. Rab1 Rd8 24. Rf3 Rd5 25. Bf4 Kh7 26. g4 Qd8 27. h4 Qxh4
28. Qf1 Bxc2 29. Rc1 Rxb2 30. g5 Bf5 31. gxh6 g5 32. Bg3 Qg4 33. Rb1 Rxb1 34.
Qxb1 Qxf3 35. Qb7 Qxg3+ 36. Kf1 Bd3# 0-1

[Event "Julian Mazur Memorial"]
[Site "Wellington Chess Club"]
[Date "2021.08.12"]
[Round "4.28"]
[White "Qu, Lucas"]
[Black "Wang, Cheng Qi(Max)"]
[Result "1-0"]
[WhiteElo "1255"]
[BlackElo "1194"]

1. f4 d5 2. d4 Bf5 3. Nf3 e6 4. Nc3 c5 5. e3 Nc6 6. Bb5 a6 7. Bxc6+ bxc6 8. Bd2
Qb6 9. b3 cxd4 10. Nxd4 Bg6 11. O-O Bc5 12. Na4 Qa7 13. Nxc5 Qxc5 14. b4 Qb6
15. f5 exf5 16. Nxf5 Qc7 17. Nxg7+ Kf8 18. Ne6+ Ke8 19. Nxc7+ 1-0

[Event "Julian Mazur Memorial"]
[Site "Wellington Chess Club"]
[Date "2021.08.12"]
[Round "4.29"]
[White "Turner, Giles"]
[Black "Hooper, John"]
[Result "1-0"]
[WhiteElo "1177"]
[BlackElo "977"]

1. e4 e6 2. Nc3 d5 3. d4 Bb4 4. Bd3 Ne7 5. Bg5 O-O 6. Nf3 Nbc6 7. O-O h6 8. Bh4
b6 9. a3 Bxc3 10. bxc3 Bb7 11. Re1 a6 12. e5 Qd7 13. Qd2 Nf5 14. Qf4 Rfe8 15.
Qg4 Nce7 16. Bf6 c5 17. Nh4 g6 18. Nxf5 Nxf5 19. Qf4 g5 20. Qg4 c4 21. Be2 Qa4
22. f4 Qxc2 23. fxg5 hxg5 24. Qh5 Ng7 25. Qxg5 Qg6 26. Qg3 Qxg3 27. hxg3 Bc6
28. Kf2 Nf5 29. Rh1 Ng7 30. Rh3 Rf8 31. Rah1 Nh5 32. Rxh5 a5 33. Rh8# 1-0

[Event "Club Championships A Grade"]
[Site "Wellington Chess Club"]
[Date "2021.11.11"]
[Round "1.1"]
[White "Dive, Russell"]
[Black "Tanoi, Edward"]
[Result "1-0"]
[WhiteElo "2389"]
[BlackElo "2078"]

1. Nf3 Nf6 2. c4 c6 3. b3 d5 4. Bb2 Bg4 5. h3 Bf5 6. g4 Bg6 7. d3 e6 8. Nbd2
Nbd7 9. Rg1 Bd6 10. h4 h6 11. g5 Nh5 12. e4 e5 13. Bh3 Nf4 14. Bxd7+ Qxd7 15.
Qc2 d4 16. c5 Bc7 17. Nc4 Qh3 18. Rg3 Qe6 19. O-O-O O-O-O 20. Kb1 Bh5 21. Rdg1
Bxf3 22. Rxf3 hxg5 23. hxg5 Rh3 24. Rfg3 Rdh8 25. Bc1 Rxg3 26. fxg3 Qg4 27. Qd1
Qxd1 (27... Ne2 28. Kc2 Rh2 29. Bd2 $17) 28. Rxd1 Ne2 29. Rf1 Kd8 30. Bd2 Ke7
31. g4 Ng3 32. Rf3 Rh1+ 33. Kb2 Rg1 34. g6 fxg6 35. Bg5+ Ke6 $4 (35... Ke8 $10)
36. Rf8 Rg2+ 37. Ka3 b5 38. Re8+ Kd7 39. Re7+ Kc8 40. Nd6+ Bxd6 41. cxd6 a5 42.
Rc7+ Kb8 43. Rxc6 Kb7 44. Rc1 b4+ 45. Ka4 Ka6 46. Rc6+ Kb7 47. Kb5 Ne2 48. Rc7+
Kb8 49. Kb6 1-0

[Event "Club Championships A Grade"]
[Site "Wellington Chess Club"]
[Date "2021.11.11"]
[Round "1.2"]
[White "Winter, Ryan"]
[Black "Ker, Anthony"]
[Result "0-1"]
[WhiteElo "2198"]
[BlackElo "2437"]

1. e4 c5 2. Nf3 g6 3. d4 cxd4 4. Nxd4 Nc6 5. c4 Nf6 6. Nc3 d6 7. Be2 Nxd4 8.
Qxd4 Bg7 9. Bg5 O-O 10. Qe3 Be6 11. O-O Qa5 12. Rac1 Rfc8 13. b3 Qc5 14. Qd2 a6
15. Kh1 Qa5 16. f4 b5 17. f5 b4 18. Bxf6 Bxf6 19. Nd5 Bxd5 20. exd5 Qc5 21. Bg4
g5 22. Qd3 a5 23. Rce1 a4 24. Bd1 axb3 25. Bxb3 Kg7 26. Qf3 Rc7 27. Re2 Rh8 28.
Qh5 Qd4 29. Qf3 h5 30. Qe3 Qxe3 31. Rxe3 Be5 32. Re4 Kf6 33. Kg1 Ra8 34. h3 h4
35. Rf3 Rca7 36. Re2 Rg8 37. Re4 Raa8 38. Kf2 Rg7 39. Kf1 Bf4 40. Rf2 Ra7 41.
Rfe2 Rg8 42. Kf2 Re8 43. Kf3 Kxf5 44. Re1 Kf6 45. R1e2 Kg7 46. Re1 f6 47. Kg4
Kg6 48. Re6 Rc7 49. R6e2 {White lost on time} 0-1

[Event "Club Championships A Grade"]
[Site "Wellington Chess Club"]
[Date "2021.11.11"]
[Round "1.3"]
[White "Croad, Nicolas"]
[Black "Cilia Vincenti, David"]
[Result "1-0"]
[WhiteElo "2442"]
[BlackElo "2197"]

1. e4 e5 2. Nf3 Nc6 3. Bc4 Nf6 4. d3 Be7 5. O-O O-O 6. c3 d5 7. exd5 Nxd5 8.
Nbd2 Kh8 9. Re1 f6 10. Ne4 Na5 11. Bb5 a6 12. Ba4 b5 13. Bc2 c5 14. a3 Bg4 15.
h3 Bh5 16. Ng3 Bf7 17. Nf5 Re8 18. Nxe7 Rxe7 19. Nh4 g6 20. Qf3 Qd6 21. Bh6 c4
22. Rad1 Rb8 23. Qg3 Be8 24. Bf8 1-0

[Event "Club Championships A Grade"]
[Site "Wellington Chess Club"]
[Date "2021.11.18"]
[Round "2.1"]
[White "Tanoi, Edward"]
[Black "Cilia Vincenti, David"]
[Result "0-1"]
[WhiteElo "2078"]
[BlackElo "2197"]

1. d4 f5 2. Nf3 Nf6 3. c4 e6 4. d5 Bb4+ 5. Nc3 Ne4 6. Qc2 Qf6 7. Bd2 Nxd2 8.
Nxd2 Bxc3 9. bxc3 e5 10. e4 d6 11. c5 O-O 12. Rb1 Nd7 13. exf5 Nxc5 14. g4 g6
15. Bh3 Qh4 16. Bg2 Qxg4 17. Bf3 Bxf5 18. Bxg4 Bxc2 19. O-O Bxb1 20. Nxb1 Rf4
21. h3 Raf8 22. Na3 a6 23. Kg2 Ra4 24. Nc2 Rxa2 25. Ne3 Ne4 26. Be6+ Kg7 27.
Nd1 Rc2 28. h4 Nxc3 29. Ne3 Ra2 30. h5 b5 31. hxg6 hxg6 32. Ng4 Ne4 33. Rc1
Nxf2 34. Rxc7+ Kh8 35. Kg3 Nxg4 36. Kxg4 Rg2+ 37. Kh3 Rg5 38. Rc6 Kg7 39. Rxd6
Rh8# 0-1

[Event "Club Championships A Grade"]
[Site "Wellington Chess Club"]
[Date "2021.11.18"]
[Round "2.2"]
[White "Winter, Ryan"]
[Black "Croad, Nicolas"]
[Result "0-1"]
[WhiteElo "2198"]
[BlackElo "2442"]

1. e4 e5 2. Nf3 Nc6 3. Bb5 a6 4. Ba4 Nf6 5. O-O Be7 6. Qe2 d6 7. c3 O-O 8. Rd1
b5 9. Bc2 Bg4 10. h3 Bh5 11. d4 exd4 12. cxd4 Nb4 13. Bb3 d5 14. e5 Ne4 15. Nc3
Bg6 16. Bf4 Kh8 17. Rac1 a5 18. Nxb5 c6 19. Nc3 Nxc3 20. bxc3 a4 21. cxb4 axb3
22. axb3 Qb6 23. Qb2 Bxb4 24. Ra1 Be7 25. Rdc1 h6 26. Qc3 Rxa1 27. Qxa1 Bh5 28.
g4 Bg6 29. Qa4 Rc8 30. Be3 Bd3 31. Rc3 Bb5 32. Qa1 Qb7 33. Qb1 Ra8 34. Qf5 Bb4
35. Rc1 Qe7 36. Qc2 Ra3 37. g5 Qe6 38. Kg2 Ra8 39. Kg3 Be7 40. Kh2 h5 41. g6
fxg6 42. Rg1 Qf5 43. Qd1 Ra2 44. Rg3 h4 45. Rg4 Be2 46. Qg1 Bxf3 47. Rxg6 Ra1
0-1

[Event "Club Championships A Grade"]
[Site "Wellington Chess Club"]
[Date "2021.11.18"]
[Round "2.3"]
[White "Dive, Russell"]
[Black "Ker, Anthony"]
[Result "0-1"]
[WhiteElo "2389"]
[BlackElo "2437"]

1. Nf3 c5 2. c4 g6 3. e4 Bg7 4. d4 cxd4 5. Nxd4 Nc6 6. Be3 Nf6 7. Nc3 Ng4 8.
Qxg4 Nxd4 9. Qd1 Nc6 10. Qd2 Qa5 11. Bh6 Bxc3 12. bxc3 f6 13. Be3 b6 14. f4 d6
15. a4 Ba6 16. Be2 Rc8 17. O-O Nd8 18. e5 dxe5 19. fxe5 Qxe5 20. Bd4 Qd6 21.
Qh6 Ne6 22. Bg4 Nxd4 23. Bxc8 Ne2+ 24. Kf2 Bxc8 25. Kxe2 Be6 26. Kf2 Qc5+ 27.
Qe3 Qxe3+ 28. Kxe3 Bxc4 29. Rf4 Bd5 30. g3 Kf7 31. Rd4 Be6 32. Rb1 Rc8 33. Kd2
Bf5 34. Rb5 e5 35. Rdb4 Rd8+ 36. Ke1 Rd3 37. c4 Bd7 38. Rd5 Rxd5 39. cxd5 Ke7
40. a5 b5 41. Rb2 Kd6 42. Rc2 a6 43. Kd2 f5 44. Kc3 g5 45. Kb4 f4 46. gxf4 exf4
47. Kc3 Kxd5 48. Rd2+ Kc6 49. Kd4 f3 50. Ke5 Bh3 51. Rf2 g4 52. Rc2+ Kd7 53.
Kf4 Ke6 54. Kg3 h5 55. Kh4 b4 56. Kxh5 Kd5 57. Kh4 b3 58. Rb2 Kc4 59. Kg3 Kc3
60. Rb1 Kc2 61. Ra1 b2 0-1

[Event "Club Championships A Grade"]
[Site "Wellington Chess Club"]
[Date "2021.11.25"]
[Round "3.1"]
[White "Ker, Anthony"]
[Black "Tanoi, Edward"]
[Result "1-0"]
[WhiteElo "2437"]
[BlackElo "2078"]

1. e4 c5 2. Nc3 Nc6 3. f4 g6 4. Nf3 Bg7 5. Bb5 Nd4 6. O-O Nxb5 7. Nxb5 d5 8.
exd5 a6 9. Nc3 Nf6 10. d4 Nxd5 11. dxc5 Nxc3 12. Qxd8+ Kxd8 13. bxc3 Bxc3 14.
Rb1 Kc7 15. Rb3 Bf6 16. Bd2 Be6 17. Ba5+ Kc6 18. Rb6+ Kxc5 19. Nd2 Kd5 20. c4+
Kd4 21. Rb3 b5 $4 (21... Bxc4 $10) 22. Bb6# 1-0

[Event "Club Championships A Grade"]
[Site "Wellington Chess Club"]
[Date "2021.11.25"]
[Round "3.2"]
[White "Croad, Nicolas"]
[Black "Dive, Russell"]
[Result "0-1"]
[WhiteElo "2442"]
[BlackElo "2389"]

1. e4 e5 2. Bc4 Nf6 3. d3 c6 4. Nf3 d5 5. Bb3 Nbd7 6. O-O Bd6 7. exd5 cxd5 8.
Nc3 d4 9. Nb5 Bb8 10. c3 dxc3 11. bxc3 a6 12. Bxf7+ $6 Kxf7 13. Qb3+ Kg6 $2 14.
Nh4+ Kh5 15. Qd1+ (15. Qf7+ $1 g6 16. Nf5 $1 Nb6 17. Ng7+ Kh4 18. Ne6 Bxe6 19.
Qxe6 $18) 15... Ng4 16. g3 g5 17. h3 Nf6 18. hxg4+ Nxg4 19. Nf3 axb5 20. Bxg5
Qd5 21. Be7 Re8 22. Bb4 Kg6 23. Nh4+ Kg7 24. Qd2 h6 25. f3 Ba7+ 26. d4 exd4 27.
Kh1 Ne3 28. Rfe1 Bg4 29. cxd4 Bxf3+ 30. Kg1 Nc4 31. Qc2 Be4 {White lost on
time} 0-1

[Event "Club Championships A Grade"]
[Site "Wellington Chess Club"]
[Date "2021.11.25"]
[Round "3.3"]
[White "Cilia Vincenti, David"]
[Black "Winter, Ryan"]
[Result "1-0"]
[WhiteElo "2197"]
[BlackElo "2198"]

1. c4 Nf6 2. Nc3 c5 3. e4 Nc6 4. g3 d6 5. Bg2 g6 6. Nge2 Bg7 7. O-O O-O 8. d3
a6 9. h3 Ne8 10. Be3 Nd4 11. f4 Rb8 12. a4 Bd7 13. Bxd4 cxd4 14. Nd5 a5 15. f5
g5 16. f6 Nxf6 17. Nxf6+ Bxf6 18. Rxf6 exf6 19. g4 f5 20. gxf5 Qf6 21. Qe1 Qe5
22. Qf2 Kh8 23. Qxd4 Rg8 24. Bf3 g4 25. hxg4 h5 26. Kf2 hxg4 27. Rh1+ Kg7 28.
Bxg4 Bxa4 29. Qe3 Qf6 30. d4 Kf8 31. e5 Qg5 32. Qxg5 Rxg5 33. Rh8+ Rg8 34.
Rxg8+ Kxg8 35. exd6 Bd7 36. Nc3 Kg7 37. f6+ Kxf6 38. Bxd7 Rd8 39. Ne4+ Kg6 40.
Bh3 f5 41. Ng3 Rxd6 42. Bxf5+ Kf7 43. d5 Rb6 44. Be6+ Kf6 45. Ne4+ Ke5 46. Nc5
Rxb2+ 47. Ke3 Kd6 (47... a4 48. Nxa4 Rb3+ 49. Kd2 Rb4 $10) 48. Nd3 Rc2 49. Kd4
b6 50. Bg4 Rg2 51. Bd1 Rh2 52. Ba4 Ra2 53. Bb5 Re2 54. Kc3 Rg2 55. Nb2 Rg3+ 56.
Kd4 Rg4+ 57. Ke3 Rh4 58. Na4 Kc7 59. Nc3 Kd6 60. Na4 Kc7 61. Kd3 Rg4 62. Bc6
Rh4 63. Nc3 Kd6 64. Ne4+ Ke5 65. d6 Rh3+ 66. Kc2 Rh8 67. d7 Kd4 68. Nd6 Kc5 69.
Ne8 1-0

[Event "Club Championships A Grade"]
[Site "Wellington Chess Club"]
[Date "2021.12.02"]
[Round "4.1"]
[White "Tanoi, Edward"]
[Black "Winter, Ryan"]
[Result "0-1"]
[WhiteElo "2078"]
[BlackElo "2198"]

1. d4 Nf6 2. Nf3 e6 3. c4 d5 4. g3 Bb4+ 5. Nbd2 dxc4 6. Bg2 b5 7. a4 c6 8. O-O
Bb7 9. Qc2 a6 10. Ne4 Nbd7 11. Ne5 Qc8 12. Ng5 O-O 13. Bh3 h6 14. Ngxf7 Qe8 15.
Nxh6+ gxh6 16. Bxh6 Nxe5 17. dxe5 Nh7 18. Qe4 Rf7 19. Qg6+ Kh8 20. Bxe6 Re7 21.
Qg4 c5 22. axb5 Qxb5 23. Rad1 Qc6 24. Bd5 Qxh6 25. Bxb7 Rxb7 26. Rd6 Qg7 27.
Qe4 Re8 28. Rfd1 Rbe7 29. e6 Qf6 30. Qxc4 Rxe6 31. Qxa6 Ng5 32. Rxe6 Rxe6 33.
Qc8+ Kg7 34. Rd7+ Kh6 35. Rd8 Nh3+ 36. Kh1 Ng5 37. h4 Nh7 38. Rd5 Rxe2 39. Rf5
Qe6 40. Qxe6+ Rxe6 41. g4 Re2 42. Kg2 Rxb2 43. Re5 c4 44. Re6+ Kg7 45. Kg3 c3
46. Rc6 c2 0-1

[Event "Club Championships A Grade"]
[Site "Wellington Chess Club"]
[Date "2021.12.02"]
[Round "4.2"]
[White "Dive, Russell"]
[Black "Cilia Vincenti, David"]
[Result "1-0"]
[WhiteElo "2389"]
[BlackElo "2197"]

1. Nf3 f5 2. g3 Nf6 3. Bg2 g6 4. O-O Bg7 5. d4 O-O 6. Nbd2 d6 7. Nb3 c6 8. c4
a5 9. Bf4 h6 10. Nc1 g5 11. Bd2 Ne4 12. Be1 e5 13. e3 Qb6 14. dxe5 dxe5 15. Nd3
Re8 16. Qc2 Na6 17. a3 Nac5 18. Nxc5 Nxc5 19. Rd1 e4 20. Nd4 Nd3 21. Bc3 a4 22.
Rxd3 exd3 23. Qxd3 Qc5 24. f4 Be6 25. fxg5 Bxc4 26. Qxf5 Qxf5 27. Rxf5 Rxe3 28.
gxh6 Bxh6 29. Rh5 Bf8 30. Nf5 Re6 31. h4 Rae8 32. Kh2 Re2 33. Kh3 Be6 34. Bf3
Bxf5+ 35. Rxf5 R2e3 36. Bd1 b5 37. Rg5+ Kf7 38. Bh5+ Ke7 39. Bd4 Kd7 40. Bxe8+
Rxe8 41. h5 Re4 42. Bc3 c5 43. Rf5 Ke8 44. g4 Re3+ 45. Kh4 b4 46. axb4 cxb4 47.
Bf6 a3 48. bxa3 bxa3 49. Ra5 Kf7 50. Kg5 Rf3 51. Ra7+ Ke6 52. Ra6+ Kf7 53. Be5
Be7+ 54. Kh6 Re3 55. Ba1 Rg3 56. Rg6 Rg1 57. Bd4 a2 58. g5 a1=Q 59. Bxa1 Rxa1
60. Rg7+ Ke6 61. Kh7 Ra8 62. g6 Bf6 63. Rg8 Ra7+ 64. g7 Kf5 $4 (64... Bxg7 65.
Rxg7 Ra1 $10) 65. h6 Kg5 66. Rb8 Rc7 67. Rb5+ Kf4 68. Kg6 1-0

[Event "Club Championships A Grade"]
[Site "Wellington Chess Club"]
[Date "2021.12.02"]
[Round "4.3"]
[White "Ker, Anthony"]
[Black "Croad, Nicolas"]
[Result "1-0"]
[WhiteElo "2437"]
[BlackElo "2442"]

1. e4 e5 2. Nf3 Nc6 3. d4 exd4 4. Bc4 Bc5 5. c3 Nf6 6. cxd4 Bb4+ 7. Bd2 Nxe4 8.
Bxb4 Nxb4 9. Bxf7+ Kxf7 10. Qb3+ Kf8 11. Qxb4+ Qe7 12. Qxe7+ Kxe7 13. O-O Kd8
14. Re1 Nf6 15. Nc3 d6 16. Ng5 Rf8 17. h3 h6 18. Ne6+ Bxe6 19. Rxe6 Kd7 20.
Rae1 Rae8 21. Rxe8 Rxe8 22. Rxe8 Nxe8 23. f4 c6 24. f5 Nc7 25. Kf2 a5 26. g4 b5
27. Kf3 b4 28. Ne2 a4 29. h4 Nb5 30. g5 hxg5 31. hxg5 c5 32. dxc5 dxc5 33. b3
a3 34. Ke3 Nd6 35. f6 gxf6 36. gxf6 Ke6 37. Nf4+ Kxf6 38. Nd3 Nb7 39. Nxb4 cxb4
40. Kd4 Na5 41. Kc5 Nxb3+ 42. Kxb4 Nc1 43. Kxa3 Nxa2 44. Kxa2 1-0

[Event "Club Championships A Grade"]
[Site "Wellington Chess Club"]
[Date "2021.12.09"]
[Round "5.1"]
[White "Croad, Nicolas"]
[Black "Tanoi, Edward"]
[Result "1-0"]
[WhiteElo "2442"]
[BlackElo "2078"]

1. e4 e5 2. Nf3 Nc6 3. Bc4 Nf6 4. d3 Be7 5. O-O O-O 6. Re1 d5 7. exd5 Nxd5 8.
Nxe5 Nxe5 9. Rxe5 c6 10. Nd2 Bd6 11. Re1 Nf4 12. Ne4 Bc7 13. Qf3 Ne6 14. c3 a5
15. a4 Rb8 16. d4 b5 17. axb5 cxb5 18. Bd3 f5 19. Ng3 g6 20. b3 Re8 21. Bxf5
gxf5 22. Nxf5 Ng7 1-0

[Event "Club Championships A Grade"]
[Site "Wellington Chess Club"]
[Date "2021.12.09"]
[Round "5.2"]
[White "Cilia Vincenti, David"]
[Black "Ker, Anthony"]
[Result "0-1"]
[WhiteElo "2197"]
[BlackElo "2437"]

1. d4 Nf6 2. Nf3 e6 3. g3 b5 4. Bg2 Bb7 5. O-O c5 6. Bg5 h6 7. Bxf6 Qxf6 8. c3
Be7 9. a4 b4 10. Nbd2 cxd4 11. Nxd4 Bxg2 12. Kxg2 e5 13. Nb5 Qc6+ 14. e4 a6 15.
Qg4 O-O 16. Nf3 axb5 17. axb5 Qb7 0-1

[Event "Club Championships A Grade"]
[Site "Wellington Chess Club"]
[Date "2021.12.09"]
[Round "5.3"]
[White "Winter, Ryan"]
[Black "Dive, Russell"]
[Result "0-1"]
[WhiteElo "2198"]
[BlackElo "2389"]

1. e4 c6 2. d4 d5 3. e5 Bf5 4. h4 h5 5. Bd3 Bxd3 6. Qxd3 Qa5+ 7. Bd2 Qa6 8. e6
Qxd3 9. exf7+ Kxf7 10. cxd3 e6 11. Nf3 Bd6 12. O-O Nd7 13. Re1 Re8 14. Nc3 Nh6
15. Re2 Nf5 16. Rae1 Nf8 17. Na4 b6 18. b4 Ke7 19. Rc1 Kd7 20. a3 Ng6 21. g3 e5
22. dxe5 Nxe5 23. Nxe5+ Rxe5 24. Rxe5 Bxe5 25. Re1 Bd4 26. Kg2 Rf8 27. Bc3 Kd6
28. Bxd4 Nxd4 29. Nc3 a5 30. bxa5 bxa5 31. Rb1 Rf3 32. Rd1 Rf7 33. Rb1 Nc2 34.
Ne2 Nxa3 35. Ra1 Nc2 36. Rxa5 Ne1+ 37. Kg1 Nxd3 38. Nd4 c5 39. Ra6+ Ke5 40. Ne2
Rf6 41. Ra7 g6 42. Rd7 d4 43. f4+ Ke4 44. Re7+ Kf3 45. Kh2 Ra6 46. Ng1+ Kg4 47.
Re2 Rb6 0-1

[Event "Club Championships B Grade"]
[Site "Wellington Chess Club"]
[Date "2021.11.11"]
[Round "1.1"]
[White "Benitez, Edgar"]
[Black "Langford, Josh"]
[Result "1-0"]
[WhiteElo "1988"]
[BlackElo "1977"]

1. d4 Nf6 2. c4 e6 3. Nc3 Bb4 4. Qc2 O-O 5. Bg5 b6 6. e4 Bxc3+ 7. bxc3 h6 8.
Bh4 g5 9. Bg3 d5 10. cxd5 exd5 11. e5 Ne4 12. Bd3 Bf5 13. f3 Nxg3 14. hxg3 Bxd3
15. Qxd3 Kg7 16. Ne2 c5 17. Kf2 Nc6 18. Rxh6 1-0